Morgue (Record no. 362243)
[ view plain ]
| 000 -LEADER | |
|---|---|
| fixed length control field | 01800ngm a2200373 4500 |
| 005 - DATE AND TIME OF LATEST TRANSACTION | |
| control field | 20210607123535.0 |
| 007 - PHYSICAL DESCRIPTION FIXED FIELD--GENERAL INFORMATION | |
| fixed length control field | vd cvaizk |
| 008 - FIXED-LENGTH DATA ELEMENTS--GENERAL INFORMATION | |
| fixed length control field | 210210s2021 081 ## v eng d |
| 024 1# - OTHER STANDARD IDENTIFIER | |
| Standard number or code | 810348032256 (videorecording) |
| 040 ## - CATALOGING SOURCE | |
| Original cataloging agency | CTMM |
| Language of cataloging | eng |
| Description conventions | rda |
| Transcribing agency | CTMMLL |
| 082 04 - DEWEY DECIMAL CLASSIFICATION NUMBER | |
| Classification number | [Fic] |
| Edition number | 23 |
| 245 00 - TITLE STATEMENT | |
| Title | Morgue |
| Medium | [videorecording]. |
| 264 #1 - Production, Publication, Distribution, Manufacture, and Copyright Notice. | |
| Place of production, publication, distribution, manufacture | [Richardson, TX] : |
| Name of producer, publisher, distributor, manufacturer | [Well Go USA, Inc.], |
| Date of production, publication, distribution, manufacture, or copyr | [2021] |
| 264 #2 - Production, Publication, Distribution, Manufacture, and Copyright Notice. | |
| Place of production, publication, distribution, manufacture | Old Saybrook, Connecticut : |
| Name of producer, publisher, distributor, manufacturer | www.micromarketing.org |
| 300 ## - PHYSICAL DESCRIPTION | |
| Extent | [1 videodisc (approximately 81 minutes)?] : |
| Other physical details | sound, color; |
| Dimensions | 4 3/4 in. |
| 336 ## - Content Type | |
| Content type term | two-dimensional moving image |
| 337 ## - Media type | |
| Media type term | video |
| 338 ## - Carrier type | |
| Carrier type term | videodisc |
| 344 ## - | |
| -- | digital |
| -- | optical |
| -- | stereo |
| -- | rda |
| 345 ## - | |
| -- | widescreen (1.78:1) |
| -- | 24 fps |
| -- | rda. |
| 346 ## - | |
| -- | NTSC |
| -- | rda |
| 347 ## - | |
| -- | video file |
| -- | DVD video |
| -- | region 1 |
| -- | rda |
| 500 ## - GENERAL NOTE | |
| General note | Widescreen edition. |
| 500 ## - GENERAL NOTE | |
| General note | [Typographic symbols and accents removed for systems compatibility.] |
| 511 0# - PARTICIPANT OR PERFORMER NOTE | |
| Participant or performer note | Francisco Ayala. |
| 520 ## - SUMMARY, ETC. | |
| Summary, etc | "MORGUE is the new Spanish-Guaran horror-thriller by Paraguay director Hugo Cardozo, starring Pablo Martnez. After a harrowing accident, the perpetually down-on-his-luck Diego Martinez accepts a gig as a security guard at the local morgue. He thought hed had a lucky break, but as the night wears on, eerie occurrences and the suddenly not-quite-lifeless body of the victim leave him to wonder: how much otherworldly rage does it take to wake the dead?"-- |
| -- | Provided by publisher. |
| 521 8# - TARGET AUDIENCE NOTE | |
| Target audience note | Rating: [N/A]. |
| 538 ## - SYSTEM DETAILS NOTE | |
| System details note | DVD, color, widescreen, NTSC. |
| 546 ## - LANGUAGE NOTE | |
| Language note | English audio. |
| 650 #0 - SUBJECT ADDED ENTRY--TOPICAL TERM | |
| Topical term or geographic name as entry element | Haunted morgues |
| Form subdivision | Drama. |
| 9 (RLIN) | 6420150 |
| 655 #7 - INDEX TERM--GENRE/FORM | |
| Genre/form data or focus term | Feature films. |
| Source of term | lcgft |
| 700 1# - ADDED ENTRY--PERSONAL NAME | |
| Personal name | Ayala, Francisco , |
| Relator term | performer. |
| 9 (RLIN) | 6420151 |
| 949 ## - LOCAL PROCESSING INFORMATION (OCLC) | |
| n | www.MicroMarketing.org 800-229-9887 |
| Withdrawn status | Lost status | Source of classification or shelving scheme | Damaged status | Not for loan | Collection code | Home library | Current library | Shelving location | Date acquired | Source of acquisition | Total Checkouts | Total Renewals | Full call number | Barcode | Date last seen | Date checked out | Cost, replacement price | Price effective from | Koha item type |
|---|---|---|---|---|---|---|---|---|---|---|---|---|---|---|---|---|---|---|---|
| Dewey Decimal Classification | Movies | Wasatch County Library | Wasatch County Library | Audio Visual Area | 06/07/2021 | Micromarketing | 2 | 1 | DVD Mor | 34301001815853 | 03/07/2024 | 06/13/2023 | 19.98 | 06/07/2021 | DVD |
